| 000 | nam a22 7a 4500 | ||
|---|---|---|---|
| 999 |
_c234188 _d234188 |
||
| 003 | Nust | ||
| 005 | 20170315113333.0 | ||
| 008 | 170315b xxu||||| |||| 00| 0 eng d | ||
| 020 | _a978-81-239-2038-2 | ||
| 040 | _cASAB | ||
| 082 | _a574.1 | ||
| 222 | _abiochemistry | ||
| 245 |
_aTextbook of biochemistry _cS.P. Singh |
||
| 246 | _atextbook of biochemistry | ||
| 250 | _afifth edition | ||
| 260 |
_aNew delhi Bangalore _bCBS publishers & distributors _cc2008 |
||
| 300 | _a858 P | ||
| 942 |
_2ddc _cBK |
||